000 00476nam a2200181Ia 4500
005 20240919100715.0
008 131103s9999 xx 000 0 und d
040 _aLoreto College
041 _aEnglish
082 _a891.44
_bCHA
100 _aChattopadhaya, Sri Khitis Prasad
245 _aLekha para
_b part II
_cSri Khitis Prasad Chattopadhaya
260 _aKolkata
_bThe book
_c[19?]
300 _a32p
650 _aBengali language
850 _aLCBED
942 _cBK
999 _c30488
_d80967